LEADER 01164cam0-22003491i-450- 001 990009522430403321 005 20120201133205.0 020 $aIT$b802595 035 $a000952243 035 $aFED01000952243 035 $a(Aleph)000952243FED01 035 $a000952243 100 $a20120201d1978----km-y0itaa50------ba 101 1 $aita$ceng 102 $aIT 200 1 $aPrincipi biologici e moderna pratica di ostetricia$fJ. P. Greenhill, Emanuel A. Friedman$gtraduzione del prof. Mario Rondinelli$gpresentazione del prof. Piero Fioretti 210 $aPadova$cPiccin$d1978 215 $a2 v. (XII, 902 p. compless.)$cill.$d25 cm 454 0$12001$aBiological principles and modern practice of obstetrics$955086 610 0 $aOstetricia 676 $a618$v18 700 1$aGreenhill,$bJacob Pearl$0326414 701 1$aFriedman,$bEmanuel A.$0298844 702 1$aRondinelli,$bMario 801 0$aIT$bUNINA 901 $aBK 912 $a990009522430403321 952 $a90 U 3a 9 I$b462/I$fFMEBC 952 $a90 U 3a 9 II$b462/II$fFMEBC 959 $aFMEBC 996 $aBiological principles and modern practice of obstetrics$955086 997 $aUNINA LEADER 00433oas 2200157z- 450 001 996461850003316 035 $a(CKB)1000000000290598 035 $a(EXLCZ)991000000000290598 100 $a20230509cuuuuuuuu -u- - 101 0 $aeng 200 00$aEDGAR Online-8-K Glimpse 210 $aUnited States$cCOMTEX News Network, Inc 906 $aNEWSPAPER 912 $a996461850003316 996 $aEDGAR Online-8-K Glimpse$92805419 997 $aUNISA LEADER 02694nas 2200745-a 450 001 996209587503316 005 20230213213019.0 011 $a1873-7714 035 $a(DE-599)ZDB2006259-X 035 $a(OCoLC)38884908 035 $a(CKB)954925480575 035 $a(CONSER)--2007233290 035 $a(EXLCZ)99954925480575 100 $a19980402a19799999 s-- a 101 0 $aeng 135 $aurmnu|||||||| 181 $ctxt$2rdacontent 182 $cc$2rdamedia 183 $acr$2rdacarrier 200 10$aGeneral hospital psychiatry 210 $aNew York, NY $cElsevier North Holland, Inc.$d1979- 300 $aRefereed/Peer-reviewed 300 $aTitle from contents screen (ScienceDirect, viewed Mar. 21, 2007). 300 $a"Psychiatry, medicine and primary care." 311 $a0163-8343 531 $aGEN HOSP PSYCH 531 $aGEN HOSP PSYCHIAT 531 $aGEN HOSP PS 531 $aGENERAL HOSPITAL PSYCHIATRY PSYCHIATRY MEDICINE AND PRIMARY CARE 531 $aGEN HOSP PSYCHIATRY 531 $aGEN. HOSP. PSYCH 606 $aPsychiatric hospital care$vPeriodicals 606 $aHospital patients$xMental health$vPeriodicals 606 $aHospital patients$xMental health$xPeriodicals 606 $aPsychiatric hospitals 606 $aPsychiatric Department, Hospital 606 $aHospitalisés$xSanté mentale$xPériodiques 606 $aHôpitaux psychiatriques$xSoins$vPériodiques 606 $aHospitalisés$xSanté mentale$vPériodiques 606 $aHôpitaux$xServices de psychiatrie 606 $aPsychiatric hospitals$2fast$3(OCoLC)fst01081047 606 $aHospital patients$xMental health$2fast$3(OCoLC)fst00961021 606 $aPsychiatric hospital care$2fast$3(OCoLC)fst01081013 608 $aPeriodicals.$2fast 610 $aElectronic journals$aPlus prints. 610 $aScienceDirect$aText files. 610 $aTitles of electronic journals. 610 $aTitles of journals. 615 0$aPsychiatric hospital care 615 0$aHospital patients$xMental health 615 0$aHospital patients$xMental health$xPeriodicals. 615 0$aPsychiatric hospitals. 615 2$aPsychiatric Department, Hospital 615 6$aHospitalisés$xSanté mentale$xPériodiques. 615 6$aHôpitaux psychiatriques$xSoins 615 6$aHospitalisés$xSanté mentale 615 6$aHôpitaux$xServices de psychiatrie. 615 7$aPsychiatric hospitals. 615 7$aHospital patients$xMental health. 615 7$aPsychiatric hospital care. 676 $a616.89005 906 $aJOURNAL 912 $a996209587503316 996 $aGeneral hospital psychiatry$91896271 997 $aUNISA